[Event "COL-ch U26 (Women)"]
[Site "Medellin"]
[Date "2018.10.20"]
[Round "6"]
[White "Olivo Cantillo, Maria Angelica"]
[Black "Mora Tamara, Karen Sofia"]
[Result "0-1"]
[WhiteElo "1600"]
[BlackElo "1477"]
[PlyCount "71"]
[EventDate "2018.10.18"]
[EventType "swiss"]
[EventRounds "6"]
[EventCountry "COL"]
[SourceTitle "CBM 187 Extra"]
[Source "ChessBase"]
[SourceDate "2018.11.04"]
[SourceVersion "1"]
[SourceVersionDate "2018.11.04"]
[SourceQuality "1"]

1. Nf3 d5 2. d4 e6 3. e3 b6 4. Nc3 Bb7 5. a3 c5 6. b3 a6 7. Be2 Nd7 8. 0-0 h5 9. Ne5 Ngf6 10. Bf3 cxd4 11. exd4 Qc7 12. Bd2 Nxe5 13. dxe5 Qxe5 14. Re1 Qc7 15. Bg5 Be7 16. h3 Qxc3 17. Bxf6 Bxf6 18. Bxd5 Bxd5 19. Qxd5 Rd8 20. Qe4 0-0 21. a4 Qc5 22. Rab1 Rd2 23. Re2 Rfd8 24. Rxd2 Rxd2 25. Rf1 Qxc2 26. Qxc2 Rxc2 27. Rd1 Rc3 28. Rb1 Bd4 29. Kf1 Rc2 30. f3 Rf2+ 31. Ke1 Rxg2 32. Kd1 Rg3 33. Rc1 Rxf3 34. Rc8+ Kh7 35. Rd8 e5 36. Rd5 0-1

[Event "COL-ch Superate fin-B Girls"]
[Site "Bogota"]
[Date "2016.11.17"]
[Round "5.2"]
[White "Mora Tamara, Karen Sofia"]
[Black "Rosado Perez, Maria Jose"]
[Result "1-0"]
[WhiteElo "1435"]
[BlackElo "1799"]
[PlyCount "77"]
[EventDate "2016.11.15"]
[EventType "swiss"]
[EventRounds "5"]
[EventCountry "COL"]
[SourceTitle "EXT 2024"]
[Source "ChessBase"]
[SourceDate "2023.10.10"]
[SourceVersion "1"]
[SourceVersionDate "2023.10.10"]
[SourceQuality "1"]

1. d4 d5 2. c4 c6 3. e3 Nf6 4. Nc3 e6 5. Bd2 Nbd7 6. Nf3 b6 7. a3 c5 8. Rc1 Bb7 9. Na4 Ne4 10. Bc3 Be7 11. dxc5 Nxc3 12. Nxc3 Nxc5 13. cxd5 exd5 14. b4 Ne6 15. Bb5+ Kf8 16. 0-0 a6 17. Ba4 g6 18. Bb3 Rc8 19. Qd2 Rc7 20. Rfd1 Rd7 21. Ne5 Rd6 22. Qe2 Kg7 23. Rc2 f6 24. Nf3 Qa8 25. Nh4 Rhd8 26. Qg4 Kf7 27. Qh3 Ng5 28. Qg3 Kf8 29. f4 Ne4 30. Nxe4 dxe4 31. Rxd6 Bxd6 32. Nxg6+ hxg6 33. Qxg6 Bd5 34. Qxf6+ Ke8 35. Qh8+ Kd7 36. Qh3+ Ke7 37. Qh7+ Ke8 38. Qh5+ Ke7 39. Bxd5 1-0

[Event "COL-ch sf2 U18 Girls"]
[Site "Bogota"]
[Date "2016.05.20"]
[Round "2.2"]
[White "Hernandez Fonseca, Maria Paula"]
[Black "Mora Tamara, Karen Sofia"]
[Result "1-0"]
[WhiteElo "1932"]
[BlackElo "1395"]
[PlyCount "59"]
[EventDate "2016.05.19"]
[EventType "swiss"]
[EventRounds "6"]
[EventCountry "COL"]
[SourceTitle "EXT 2024"]
[Source "ChessBase"]
[SourceDate "2023.10.10"]
[SourceVersion "1"]
[SourceVersionDate "2023.10.10"]
[SourceQuality "1"]

1. e4 e5 2. Nf3 Bc5 3. Nxe5 Qh4 4. Qf3 Nf6 5. Nc3 d6 6. g3 Qh5 7. Qxh5 Nxh5 8. Nd3 Bb6 9. a4 c6 10. a5 Bc7 11. Bg2 0-0 12. 0-0 f5 13. f4 b6 14. exf5 Bxf5 15. Nb5 Bd8 16. Nxd6 Bg4 17. Ne5 Be2 18. Re1 Ba6 19. Nxc6 Nxc6 20. Bxc6 Rb8 21. Bd5+ Kh8 22. Nf7+ Kg8 23. Nxd8+ Kh8 24. Nf7+ Kg8 25. Ne5+ Kh8 26. Nd7 Rfe8 27. Rxe8+ Rxe8 28. axb6 Nf6 29. Nxf6 gxf6 30. bxa7 1-0

[Event "COL-chT"]
[Site "Villavicencio"]
[Date "2014.08.17"]
[Round "4.3"]
[White "Diaz, Luisa Fernanda"]
[Black "Mora Tamara, Karen Sofia"]
[Result "1-0"]
[WhiteElo "1334"]
[BlackElo "1506"]
[PlyCount "107"]
[EventDate "2014.08.15"]
[EventType "team-swiss"]
[EventRounds "6"]
[EventCountry "COL"]
[SourceTitle "EXT 2015"]
[Source "ChessBase"]
[SourceDate "2014.11.20"]
[SourceVersion "1"]
[SourceVersionDate "2014.11.20"]
[SourceQuality "1"]
[WhiteTeam "Tolima (W)"]
[BlackTeam "Boyaca (W)"]
[WhiteTeamCountry "COL"]
[BlackTeamCountry "COL"]

1. e4 e5 2. Nf3 d6 3. d4 Nc6 4. Nc3 Bg4 5. d5 Nd4 6. Be2 Nxe2 7. Qxe2 Bd7 8. Be3 Nf6 9. h3 h6 10. Qd2 c6 11. Rd1 b5 12. a3 a5 13. b4 axb4 14. axb4 c5 15. bxc5 dxc5 16. d6 b4 17. Ne2 Nxe4 18. Qd5 Nxd6 19. Qxe5+ Qe7 20. Qxc5 Ne4 21. Qd5 Ra6 22. Ne5 Nf6 23. Qd4 Rd6 24. Qf4 Rxd1+ 25. Kxd1 Qd6+ 26. Nd4 g5 27. Qh2 Ne4 28. Nxd7 Qxh2 29. Rxh2 Kxd7 30. Kc1 Bd6 31. Rh1 Ra8 32. Kb2 Nc3 33. Nf5 Ra2+ 34. Kb3 Ra3+ 35. Kc4 Bf8 36. Nd4 Ne4 37. Nb3 Ra8 38. Rd1+ Ke6 39. Nc5+ Nxc5 40. Bxc5 Rc8 41. Rd5 b3 42. cxb3 Kf6 43. b4 Bxc5 44. Rxc5 Re8 45. b5 Re2 46. b6 Rxf2 47. b7 Rc2+ 48. Kd5 Rd2+ 49. Kc6 Rd8 50. Kc7 Re8 51. Rd5 Ke6 52. Rd8 Re7+ 53. Kc6 Rxb7 54. Kxb7 1-0

[Event "COL-ch Superate-A (Women)"]
[Site "Bogota"]
[Date "2012.12.09"]
[Round "6.4"]
[White "Mora Tamara, Karen Sofia"]
[Black "Mosquera Medina, Hayde Lisseth"]
[Result "0-1"]
[WhiteElo "1417"]
[BlackElo "1397"]
[PlyCount "110"]
[EventDate "2012.12.07"]
[EventType "swiss"]
[EventRounds "7"]
[EventCountry "COL"]
[SourceTitle "EXT 2024"]
[Source "ChessBase"]
[SourceDate "2023.10.10"]
[SourceVersion "1"]
[SourceVersionDate "2023.10.10"]
[SourceQuality "1"]

1. e4 e5 2. Nf3 Nc6 3. d4 exd4 4. Nxd4 Nxd4 5. Qxd4 d6 6. Nc3 Nf6 7. Bc4 Be7 8. Bf4 Be6 9. e5 dxe5 10. Qxd8+ Bxd8 11. Bxe5 Bxc4 12. 0-0-0 0-0 13. h4 Ng4 14. Bg3 h6 15. Rd4 Be6 16. Nb5 Nf6 17. Nxc7 Bxc7 18. Bxc7 Rac8 19. Bd6 Rfd8 20. Rhd1 Rd7 21. Be5 Rxd4 22. Rxd4 Ng4 23. f3 Nxe5 24. g4 Nxf3 25. Re4 Nxh4 26. a4 Rd8 27. b4 Nf3 28. b5 b6 29. c4 Rc8 30. a5 Rxc4+ 31. Rxc4 Bxc4 32. Kc2 Bxb5 33. axb6 axb6 34. Kc3 Bd7 35. Kd3 Bxg4 36. Ke4 b5 37. Kf4 Bh5 38. Ke3 b4 39. Kd3 Ne5+ 40. Kc2 f5 41. Kb3 Nc6 42. Kc4 f4 43. Kd3 b3 44. Ke4 g5 45. Kd3 f3 46. Kc3 f2 47. Kxb3 f1Q 48. Kc2 Qf4 49. Kd3 g4 50. Kc3 g3 51. Kd3 g2 52. Kc2 g1Q 53. Kd3 Qgg3+ 54. Kc2 Qff2+ 55. Kc1 Qgg1# 0-1